000
00263nam a2200121 a 4500
003
0
005
20240731120912.0
008
030526s19uu xx 00 eng d
050
_a
VHS 300
_b
R 26
245
_a
Teacher's demo.
942
_c
AVM
_2
lcc
999
_c
108522
_d
108522